| 000 | 00399nam a22001457a 4500 | ||
|---|---|---|---|
| 003 | macl | ||
| 005 | 20180407171421.0 | ||
| 008 | 180407b xxu||||| |||| 00| 0 eng d | ||
| 040 | _cmacl | ||
| 100 |
_aG.S. Sodhi and Jasjeet Kaur _971815 |
||
| 245 | _aIndian Civilization and the science of fingerprinting | ||
| 260 |
_aDelhi _bMinistry of INfo. _c2013 |
||
| 650 |
_aHistory _971816 |
||
| 942 |
_2ddc _cBK |
||
| 999 |
_c57560 _d57560 |
||